| 000 | 00528nam a2200181Ia 4500 | ||
|---|---|---|---|
| 003 | OSt | ||
| 005 | 20200922140828.0 | ||
| 008 | 190216s9999||||xx |||||||||||||| ||und|| | ||
| 020 | _a8121912695 | ||
| 040 | _coclc | ||
| 082 |
_a581.15 _bSHU/C |
||
| 100 |
_aShukla, R S _94801 |
||
| 245 | 0 |
_aCytogenetics Evolution And Plant Breeding / _cR S Shukla ; P S Chandel |
|
| 260 |
_bS Chand & Company, _c2004. _aNew Delhi: |
||
| 300 | _a560p | ||
| 650 | _aBotany | ||
| 942 |
_cBK _2ddc _h581.15 _iSHU/C _k581.15 _mSHU/C |
||
| 999 |
_c1520 _d1520 |
||